00860cam a22002051 45000010005000000030006000050050017000110080041000280100017000690350018000860400032001040500018001360820011001541000031001652450038001962600041002343000025002755200312003006500042006123063FISKH20240201155106.0740515s1953 nyu 000 1 eng  a 53007741  a(OCoLC)887370 aDLCcCtFaUdOCoLCdDLCbeng00aPZ3.O1344bFl a823.911 aO'Brien, Kate,d1897-1974.14aThe flower of May /cKate O'Brien aLondon : bReading Book Club, c1955 a335 pages : c20 cm  aThe Flower of May is bestselling Irish author Kate O’Brien’s portrait of a young Irishwoman on the verge of independence set at the turn of the century. Liberated by the death of her mother, Fanny Morrow immerses herself in the politics and culture of Europe, renouncing her strict, Catholic upbringing. aHistorical FictionvFictionxIreland